Miracles and missions revisited (Registro nro. 70754)
[ vista simple ]
| 000 -LÍDER | |
|---|---|
| Campo fijo de descripción fija | 01243aab a2200241 i 4500 |
| 001 - NÚMERO DE CONTROL | |
| Campo de control | 768714001 |
| 003 - IDENTIFICADOR DEL NÚMERO DE CONTROL | |
| Campo de control | CO-MdFUSB |
| 005 - FECHA Y HORA DE LA ULTIMA TRANSACCIÓN | |
| control field | 20240809093245.0 |
| 008 - ELEMENTOS DE LONGITUD FIJA -- INFORMACIÓN GENERAL | |
| Campo fijo de descripción fija -- Información general | 240809t2001 -us||||| |||| 00| 0 eng d |
| 040 ## - FUENTE DE CATALOGACIÓN | |
| Idioma de catalogación | spa |
| Agencia que realiza la transcripción | CO-MdFUSB |
| Agencia que realiza la modificación | CO-MdFUSB |
| 041 ## - CÓDIGO DE IDIOMA | |
| Código de idioma para texto/pista de sonido o título separado | eng |
| 100 1# - ASIENTO PRINCIPAL--NOMBRE PERSONAL | |
| Nombre personal | McGee, Gary B. |
| Término relacionador | autor |
| 245 00 - TÍTULO | |
| Título | Miracles and missions revisited |
| Mención de responsabilidad | / Gary B. McGee |
| 520 ## - NOTA DE RESUMEN, ETC. | |
| Nota de sumario, etc. | En 1839, Alexander Duff, el famoso misionero escocés en la India, escribió sobre el papel de la educación cristiana en la formación de maestros indígenas y predicadores del Evangelio. Con ese objetivo, dijo Duff, "se han enviado misioneros de la Iglesia de Escocia... ¡a falta de milagros!". Como profesor en Calcuta, aparentemente no sabía lo que otros misioneros que trabajaban en Birmania (hoy Myanmar) estaban experimentando durante el mismo período en su trabajo entre los karens. |
| 546 ## - NOTA DE IDIOMA | |
| Nota de idioma | Texto en inglés. |
| 650 #0 - ASIENTO SECUNDARIO DE MATERIA - TERMINO TEMÁTICO | |
| Término temático o nombre geográfico como elemento de entrada | Misiones |
| 9 (RLIN) | 154 |
| 650 #0 - ASIENTO SECUNDARIO DE MATERIA - TERMINO TEMÁTICO | |
| Término temático o nombre geográfico como elemento de entrada | Evangelización |
| 9 (RLIN) | 362 |
| 650 #7 - ASIENTO SECUNDARIO DE MATERIA - TERMINO TEMÁTICO | |
| Término temático o nombre geográfico como elemento de entrada | Antropología cultural y social |
| 9 (RLIN) | 6714 |
| 650 #7 - ASIENTO SECUNDARIO DE MATERIA - TERMINO TEMÁTICO | |
| Término temático o nombre geográfico como elemento de entrada | Misioneros |
| 9 (RLIN) | 931 |
| 773 0# - ASIENTO DE ITEM FUENTE | |
| Título | International Bulletin |
| Biblionumber | 49483 |
| Itemnumber | 60995 |
| Parte(s) relacionada(s) / Volumen., número. (mes año), páginas | Volumen 25, (número 4, 2001), páginas: 146 - 156 |
| Enumeración y primera página | página: 146 |
| 942 ## - TIPO DE MATERIAL (KOHA) | |
| Tipo de Item KOHA | Artículos de Revista |
| 945 ## - INFORMACIÓN LOCAL DEL REGISTRO | |
| Catalogador | Catherine Arias Álvarez - Practicante SENA |
No hay ítems disponibles.
